000 01102nam a2200217 i 4500
001 151344
003 ES-MaACL
005 20230906203955.0
008 990722s1780 fr a |||| | fre d
040 _aLR
_bspa
_cLR
110 2 _aAcadémie des inscriptions et belles-lettres (Francia)
_91230
245 1 0 _aHistoire de l'Académie Royale des Inscriptions et Belles-Lettres
_b: avec les Mémoires de Littérature tirés des registres de cette Académie, depuis l'année MDCCLXXIII, jusques & compris l'année MDCCLXXV, & une partie de MDCCLXXVI : tome quarantième.
260 _aA Paris :
_bde l'Imprimerie Royale,
_c1780.
300 _a[8], 254, [2], 555 p., [2] h. de grab., [2] h. pleg. ;
_c4º.
505 8 _a"Mémoires de Littérature ..." 555 p., con portadilla y sign. propias
597 _aSign. : []4, A-Z4, 2A-2I4, A-Z4, 2A-2Z4, 3A-3Z4, 4A2.
597 _aPort. con viñeta xil.
599 _aLas h. de grab. son calc., en alguna de ellas "C.ne Haussard Sculp."
700 1 _aHaussard, Catherine.
_9127813
852 _aES-MaACL
_jR-1298-1343
_z-- Enc. piel
_x Olim: G-13300-45
999 _c151344
_d151344